Sociální práva cizinců

Enregistré dans:
Détails bibliographiques
Auteur principal: Štefko, Martin
Autres auteurs: Koldinská, Kristina
Format: Livre
Langue:tchèque
Publié: Praha C. H. Beck 2013
Collection:Právní instituty
Sujets:
Tags: Ajouter un tag
Pas de tags, Soyez le premier à ajouter un tag!

MARC

LEADER 00000nam a2200000 4500
001 0185451
005 20240313090424.3
020 |a 978-80-7400-464-3 
041 0 |a cze 
044 |a CZ 
245 1 0 |a Sociální práva cizinců  |c Martin Štefko, Kristina Koldinská 
264 1 |a Praha  |b C. H. Beck  |c 2013 
300 |a xvii, 285 s. 
490 1 |a Právní instituty 
830 0 |a Právní instituty 
610 2 0 |a právo sociálne 
610 2 0 |a práva ľudské 
610 2 0 |a cudzinci 
610 2 0 |a zabezpečenie sociálne 
610 2 0 |a právo pracovné 
610 2 0 |a Česko 
610 2 0 |a právo medzinárodné 
610 2 0 |a diskriminácia 
610 2 0 |a krajiny rozvojové 
610 2 0 |a podmienky pracovné 
610 2 0 |a núdza hmotná 
610 2 0 |a ochrana zdravia 
610 2 0 |a starostlivosť sociálna 
100 1 |a Štefko, Martin 
700 1 |a Koldinská, Kristina